| 000 | 01109nac a22003617a 4500 | ||
|---|---|---|---|
| 001 | BR0503641 | ||
| 003 | BR-BrBNA | ||
| 005 | 20240105123155.0 | ||
| 008 | 230509b bl.|||m| |||| 00| 0 por d | ||
| 040 |
_aBR-BrBNA _bpor _cBiblioteca Nacional de Agricultura |
||
| 072 | _aF01 | ||
| 090 | _a0331 BR0503641 | ||
| 100 | 1 | _aSilva, L.C. | |
| 100 | 1 | _aAmorim Neto, M. da S. | |
| 100 | 1 | _aBeltrão, N.E. de Macêdo | |
| 110 | 1 |
_aEMBRAPA Algodão, Campina Grande, PB (Brasil) _93546 |
|
| 245 | 1 | _aRecomendações técnicas para o cultivo e época de plantio de mamona cv. BRS 149 (nordestina)na micro região de Irecê, Bahia | |
| 260 | 3 |
_aCampina Grande, PB (Brasil): _c2000. |
|
| 300 | _a6 p. | ||
| 490 |
_aComunicado Técnico - EMBRAPA Algodão (Brazil) _vno. 112 _x |
||
| 500 | _a9 ref. | ||
| 650 | _aMAMONA | ||
| 650 | _aÓLEO | ||
| 650 | _aSEMENTE | ||
| 650 | _aTORTA | ||
| 650 | _aÉPOCA DE PLANTIO | ||
| 650 | _aADUBAÇÃO | ||
| 650 | _aESPAÇAMENTO | ||
| 650 | _aCONTROLE QUÍMICO | ||
| 650 | _aBAHIA | ||
| 909 |
_a202312 _bLúcia Elande _c55 _dLúcia Elande |
||
| 942 |
_2AGRIS _n0 _cMS |
||
| 999 |
_c294303 _d294303 |
||